| 000 | 00416nam a22001697a 4500 | ||
|---|---|---|---|
| 003 | OSt | ||
| 008 | 250218b |||||||| |||| 00| 0 eng d | ||
| 020 | _a81-203-0388-1 | ||
| 041 | _aeng | ||
| 082 |
_a005.1 _bDRO/HO |
||
| 100 |
_aDromy, RG _97173 |
||
| 245 | _aHow to Solve it by Computer | ||
| 250 | _a12th Indian Reprint | ||
| 260 |
_aNew Delhi: _bPrentice Hall of India, _c1998. |
||
| 300 | _a442p. | ||
| 942 | _cBK | ||
| 999 |
_c19404 _d19404 |
||